| 000 | 00456nam a2200157 4500 | ||
|---|---|---|---|
| 001 | 113783 | ||
| 003 | ES-MaACL | ||
| 005 | 20230906190014.0 | ||
| 007 | t| | ||
| 008 | 061121s1965 sp r ||||1| spa d | ||
| 100 | 1 |
_aPadilla, Alfonso Manuel. _988166 |
|
| 245 | 1 | 0 |
_aRequiem por un pueblo / _cAlfonso Manuel Padilla. |
| 260 |
_aBilbao : _b[s.n., _c1965 ( _fGráf. Castilla]) |
||
| 300 |
_a47 p. : _bil ; _c19 cm. |
||
| 852 |
_aES-MaACL _j2050-F-13 _bR.60166 |
||
| 999 |
_c113783 _d113783 |
||